[Event "IND-ch U17 Girls"]
[Site "Bengaluru"]
[Date "2015.10.09"]
[Round "9"]
[White "Varsha, CR."]
[Black "Swera, Ana Braganza"]
[Result "1/2-1/2"]
[WhiteElo "1687"]
[BlackElo "1484"]
[PlyCount "116"]
[EventDate "2015.10.03"]
[EventType "swiss"]
[EventRounds "11"]
[EventCountry "IND"]
[SourceTitle "CBM 168 Extra"]
[Source "ChessBase"]
[SourceDate "2015.10.29"]
[SourceVersion "1"]
[SourceVersionDate "2015.10.29"]
[SourceQuality "1"]

1. d4 Nf6 2. Nf3 e6 3. e3 d5 4. c4 Be7 5. Nc3 0-0 6. Bd3 Nbd7 7. 0-0 dxc4 8. Bxc4 c5 9. b3 cxd4 10. exd4 a6 11. Bb2 b5 12. Bd3 Bb7 13. Qe2 Bb4 14. a3 Bd6 15. Ne5 Qc7 16. Rfe1 Rad8 17. Rad1 Rfe8 18. Ne4 Bxe4 19. Bxe4 Nxe4 20. Qxe4 Nxe5 21. dxe5 Bc5 22. b4 Ba7 23. Rc1 Qb6 24. Rc2 Rd5 25. h3 Red8 26. Bc1 Bb8 27. Be3 Qb7 28. f4 Ba7 29. Bc5 Bxc5+ 30. Rxc5 Qb6 31. Rec1 Rd4 32. Qc6 Qa7 33. Kh2 Rxf4 34. Qd6 Qa8 35. Qxd8+ Qxd8 36. Rc8 Rd4 37. R1c6 Kf8 38. Rxd8+ Rxd8 39. Rxa6 Rd5 40. Ra5 Rxe5 41. a4 Ke7 42. axb5 Re4 43. Ra7+ Kf6 44. Ra4 Re5 45. Ra5 Re4 46. Ra4 Ke5 47. Kg3 g5 48. Ra7 f6 49. Rxh7 Rxb4 50. Rb7 Rb3+ 51. Kf2 Kf4 52. Re7 Rb2+ 53. Kf1 e5 54. Rf7 f5 55. g4 Rxb5 56. Rxf5+ Kg3 57. Rxg5 Kxh3 58. Ke2 Rb4 1/2-1/2

[Event "IND-chB (Women) 42nd"]
[Site "Bhayandar"]
[Date "2015.07.02"]
[Round "1"]
[White "Swera, Ana Braganza"]
[Black "Ivana Maria, Furtado"]
[Result "0-1"]
[WhiteElo "1531"]
[BlackElo "2236"]
[PlyCount "92"]
[EventDate "2015.07.02"]
[EventType "swiss"]
[EventRounds "11"]
[EventCountry "IND"]
[SourceTitle "CBM 167 Extra"]
[Source "ChessBase"]
[SourceDate "2015.09.14"]
[SourceVersion "1"]
[SourceVersionDate "2015.09.14"]
[SourceQuality "1"]

1. e4 e6 2. d4 d5 3. e5 c5 4. c3 Nc6 5. Nf3 Qb6 6. a3 Nh6 7. b4 cxd4 8. cxd4 Nf5 9. Be3 Bd7 10. Be2 Be7 11. 0-0 f6 12. b5 Na5 13. Nc3 0-0 14. Na4 Qd8 15. exf6 Bxf6 16. Nc5 Bc8 17. Bd3 b6 18. Nb3 Nc4 19. Bxf5 exf5 20. Nbd2 a6 21. Nxc4 dxc4 22. Qa4 Qd5 23. bxa6 Rxa6 24. Qb4 Bb7 25. Rfc1 Rc8 26. a4 g5 27. Qb5 f4 28. Bd2 Qxb5 29. axb5 Rxa1 30. Rxa1 c3 31. Bc1 Bxf3 32. gxf3 Bxd4 33. Ra4 Be5 34. Kf1 Rc5 35. Rb4 Kg7 36. Rb3 Kg6 37. Rb4 Kh5 38. h3 Rd5 39. Ke2 Kh4 40. Rb3 Kxh3 41. Ba3 Kg2 42. Bc1 h5 43. Ra3 h4 44. Ra7 h3 45. Rh7 h2 46. Rh5 Bd6 0-1

[Event "Wch U10 Girls"]
[Site "Al Ain"]
[Date "2013.12.24"]
[Round "8"]
[White "Swera, Ana Braganza"]
[Black "Bach, Ngoc Thuy Duong"]
[Result "0-1"]
[WhiteElo "1393"]
[BlackElo "1620"]
[PlyCount "74"]
[EventDate "2013.12.18"]
[EventType "swiss"]
[EventRounds "11"]
[EventCountry "UAE"]
[SourceTitle "CBM 158 Extra"]
[Source "ChessBase"]
[SourceDate "2014.02.28"]
[SourceVersion "1"]
[SourceVersionDate "2014.02.28"]
[SourceQuality "1"]

1. e4 c5 2. Nf3 e6 3. d4 cxd4 4. Nxd4 a6 5. Nc3 Qc7 6. Be2 Nf6 7. 0-0 Be7 8. Kh1 0-0 9. f4 d6 10. f5 e5 11. Nf3 b5 12. a3 Bb7 13. Bd3 Nbd7 14. Qe1 h6 15. Be3 Rfd8 16. Qg3 Kh8 17. Nd2 Nh7 18. h4 Rdc8 19. Rf3 Qd8 20. Bf2 Ndf6 21. Qh3 h5 22. g3 d5 23. Re1 dxe4 24. Ndxe4 Bxa3 25. bxa3 Rxc3 26. Nxc3 Bxf3+ 27. Kg1 Qc7 28. Ne4 Bxe4 29. Bxe4 Nxe4 30. Rxe4 Nf6 31. Re2 Rd8 32. Qf1 Ng4 33. Qe1 Qd6 34. Qc1 Qf6 35. Qg5 Rd1+ 36. Kg2 Qc6+ 37. Kh3 Qh1# 0-1

[Event "Wch U10 Girls"]
[Site "Al Ain"]
[Date "2013.12.21"]
[Round "4"]
[White "Swera, Ana Braganza"]
[Black "Tran Vuong Mai, Khanh"]
[Result "1-0"]
[WhiteElo "1393"]
[BlackElo "1626"]
[PlyCount "77"]
[EventDate "2013.12.18"]
[EventType "swiss"]
[EventRounds "11"]
[EventCountry "UAE"]
[SourceTitle "CBM 158 Extra"]
[Source "ChessBase"]
[SourceDate "2014.02.28"]
[SourceVersion "1"]
[SourceVersionDate "2014.02.28"]
[SourceQuality "1"]

1. e4 c6 2. d4 d5 3. exd5 cxd5 4. Bd3 Nc6 5. c3 Nf6 6. Bf4 e6 7. Nf3 Bd6 8. Bxd6 Qxd6 9. 0-0 0-0 10. Re1 b6 11. Ne5 Bb7 12. Qf3 Rac8 13. Qh3 h6 14. Re3 Nxd4 15. cxd4 Rc1+ 16. Bf1 Ba6 17. Nd3 Qb4 18. Nxc1 Bxf1 19. Kxf1 Qxb2 20. Nb3 Qc2 21. Qf3 Ne4 22. Nc3 Ng5 23. Qe2 Qf5 24. Rg3 Rc8 25. Rc1 Qf4 26. Qe3 Qh4 27. Kg1 Rc4 28. Ne2 f5 29. Rxc4 dxc4 30. Nd2 b5 31. f4 Ne4 32. Nxe4 fxe4 33. Qxe4 Qe7 34. d5 Qc5+ 35. Qd4 Qxd4+ 36. Nxd4 b4 37. d6 Kf7 38. Rxg7+ Ke8 39. d7+ 1-0